Statystyki dla Regiony Włoch - Quiz na mapie

Kliknij tutaj aby rozwiązać quiz!

Ogólne statystyki

  • Ten quiz został rozwiązany 16 215 razy
  • Średni wynik to 7 z 20

Odpowiedzi na mapie

Odpowiedzi skodowane kolorowo w zielono-czerwonej skali na mapie do tego quizu, zgodnie z poniższymi procentami.
 

Statystyki odpowiedzi

Odpowiedź% Poprawnych
Sycylia
88%
Sardynia
83%
Piemont
49%
Toskania
48%
Lombardia
47%
Lacjum
45%
Friuli-Wenecja Julijska
41%
Wenecja Euganejska
41%
Trydent-Górna Adyga
34%
Emilia-Romania
31%
Kalabria
31%
Liguria
28%
Kampania
26%
Dolina Aosty
25%
Apulia
22%
Umbria
20%
Abruzja
18%
Marche
16%
Basilicata
15%
Molise
14%

Rozkład punktacji

Percentyl według liczby udzielonych odpowiedzi

Procent ludzi z każdym wynikiem

Twoja historia wyników

Nie rozwiązałeś tego quizu